00889 a2200193 4500003000500000005001700005010001700022020002800039040000900067082001500076100002100091245006800112260004300180300005900223440003500282505033700317650002400654700001700678Nust20170207154018.0 a 2005041998 a1580537251 (alk. paper) cNust00a621.381/321 aKinayman, Noyan.10aModern microwave circuits-(E-BOOK)cNoyan Kinayman, M.I. Aksun. aBoston, Mass. :bArtech House,cc2005. axiv, 604 p. :bill. ;c24 cm. +e1 CD-ROM (4 3/4 in.). 0aArtech House microwave library aChapter 1 Microwave Network Theory (Page-1) Chapter 2 Microwave Printed Circuits (Page-141) Chapter 3 Full-Wave Analysis of Printed Circuits (Page-211) Chapter 4 Microstrip Patch Antennas (Page-291) Chapter 5 Microstrip Coupled Lines (Page-357) Chapter 6 Microstrip Filters (Page-415) Chapter 7 Microwave Lumped Elements (Page-533)  0aMicrowave circuits.1 aAksun, M. I.